INTRODUCATION TO FUZZY SETS AND FUZZY LOGIC (Record no. 8231)

MARC details
000 -LEADER
fixed length control field 00519nam a22001577a 4500
003 - CONTROL NUMBER IDENTIFIER
control field SGT
020 ## - INTERNATIONAL STANDARD BOOK NUMBER
International Standard Book Number 9788120328617
082 ## - DEWEY DECIMAL CLASSIFICATION NUMBER
Classification number 511.322
Item number GAN
100 ## - MAIN ENTRY--PERSONAL NAME
Personal name GANESH,M
245 ## - TITLE STATEMENT
Title INTRODUCATION TO FUZZY SETS AND FUZZY LOGIC
260 ## - PUBLICATION, DISTRIBUTION, ETC. (IMPRINT)
Place of publication, distribution, etc NEW DELHI
Name of publisher, distributor, etc PHI
Year of Publication 2015
300 ## - PAGE DESCRIPTION
No. of Pages 238
650 ## - SUBJECT ADDED ENTRY--TOPICAL TERM
Topical term or geographic name as entry element COMPUTER SCIENCE ENGINEERING
653 ## - KEYWORDS--INDEX TERM
Keyword term CRISP SET THEORY, PROPOSITIONAL LOGIC,PREDICATE LOGIC, SWITCHING FUNCATIONS AND SWITCHING CIRCUITS,BOOLEAN ALGEBRA, FUZZY SET THEORY, FUZZY RELATIONS, FUZZY LOGIC,
942 ## - ADDED ENTRY ELEMENTS (KOHA)
Source of classification or shelving scheme Dewey Decimal Classification
Koha item type Books
Holdings
Withdrawn status Lost status Source of classification or shelving scheme Damaged status Not for loan Home library Current library Shelving location Date acquired Vendor Name Cost, normal purchase price SGTU Total Checkouts Full call number Accession No. (Barcode) Date last seen Bill Date Koha item type
    Dewey Decimal Classification     SGT Engineering Library SGT Engineering Library Reference Book 12/01/2016 GIFTED 225.00 SGTU   511.322 GAN FE6501 12/01/2016 12/01/2016 Books